<?xml version="1.0" encoding="UTF-8"?>
<record
    xmlns:xsi="http://www.w3.org/2001/XMLSchema-instance"
    xsi:schemaLocation="http://www.loc.gov/MARC21/slim http://www.loc.gov/standards/marcxml/schema/MARC21slim.xsd"
    xmlns="http://www.loc.gov/MARC21/slim">

  <leader>02040njm a2200409Ia 4500</leader>
  <controlfield tag="001">26573</controlfield>
  <controlfield tag="003">IT-RoPAU</controlfield>
  <controlfield tag="005">20220918181116.0</controlfield>
  <controlfield tag="008">131025s9999    xx            000 0 und d</controlfield>
  <datafield tag="040" ind1=" " ind2=" ">
    <subfield code="a">IT-RoPAU</subfield>
  </datafield>
  <datafield tag="040" ind1=" " ind2=" ">
    <subfield code="c">IT-RoPAU</subfield>
  </datafield>
  <datafield tag="041" ind1=" " ind2=" ">
    <subfield code="a">INGLESE</subfield>
  </datafield>
  <datafield tag="999" ind1=" " ind2=" ">
    <subfield code="c">99423</subfield>
    <subfield code="d">99423</subfield>
  </datafield>
  <datafield tag="999" ind1=" " ind2=" ">
    <subfield code="b">n.d.</subfield>
  </datafield>
  <datafield tag="100" ind1=" " ind2=" ">
    <subfield code="a">AA.VV.</subfield>
    <subfield code="9">794</subfield>
  </datafield>
  <datafield tag="100" ind1=" " ind2=" ">
    <subfield code="e">Autore musica</subfield>
    <subfield code="9">15853</subfield>
  </datafield>
  <datafield tag="100" ind1=" " ind2=" ">
    <subfield code="g">Codice autore musica SPICS: 12000</subfield>
    <subfield code="9">796</subfield>
  </datafield>
  <datafield tag="245" ind1=" " ind2=" ">
    <subfield code="a">Teachers</subfield>
  </datafield>
  <datafield tag="250" ind1=" " ind2=" ">
    <subfield code="a">1a ed.</subfield>
  </datafield>
  <datafield tag="260" ind1=" " ind2=" ">
    <subfield code="a">USA</subfield>
  </datafield>
  <datafield tag="260" ind1=" " ind2=" ">
    <subfield code="b">CAPITOL RECORDS</subfield>
    <subfield code="c">1985 [1a Ed.:1984 - Ed. Lingua Orig.: 1984]</subfield>
  </datafield>
  <datafield tag="300" ind1=" " ind2=" ">
    <subfield code="a">MUSICASSETTA</subfield>
  </datafield>
  <datafield tag="300" ind1=" " ind2=" ">
    <subfield code="c">41 minuti (Testo:  pag.)</subfield>
  </datafield>
  <datafield tag="500" ind1=" " ind2=" ">
    <subfield code="a">Colonna sonora del film omonimo. Musica da film</subfield>
  </datafield>
  <datafield tag="505" ind1=" " ind2=" ">
    <subfield code="a">I'm the Teacher - In the Jungle - I Can't Stop the Fire - Understanding - Cheap Sunglasses - Foolin' Around - Interstate Love Affair - Edge of A Dream - One Foot Back In Your Door - Teacher Teacher (38 Special)</subfield>
  </datafield>
  <datafield tag="650" ind1=" " ind2=" ">
    <subfield code="a">COLONNA SONORA [CASSETTE]</subfield>
    <subfield code="e">Codice MATERIA SPICS: 9951</subfield>
    <subfield code="9">1918</subfield>
  </datafield>
  <datafield tag="700" ind1=" " ind2=" ">
    <subfield code="a">Hunter</subfield>
    <subfield code="d">Codice autore musica SPICS: 10150</subfield>
    <subfield code="e">Autore musica</subfield>
    <subfield code="p">I'm the Teacher</subfield>
    <subfield code="9">15854</subfield>
  </datafield>
  <datafield tag="700" ind1=" " ind2=" ">
    <subfield code="a">Motels (The)</subfield>
    <subfield code="d">Codice autore musica SPICS: 10151</subfield>
    <subfield code="e">Autore musica</subfield>
    <subfield code="p">In the Jungle</subfield>
    <subfield code="9">15855</subfield>
  </datafield>
  <datafield tag="700" ind1=" " ind2=" ">
    <subfield code="a">Martin Eric</subfield>
    <subfield code="d">Codice autore musica SPICS: 10152</subfield>
    <subfield code="e">Autore musica</subfield>
    <subfield code="p">I Can't Stop the Fire</subfield>
    <subfield code="9">15856</subfield>
  </datafield>
  <datafield tag="700" ind1=" " ind2=" ">
    <subfield code="a">Seager Bob</subfield>
    <subfield code="d">Codice autore musica SPICS: 10153</subfield>
    <subfield code="e">Autore musica</subfield>
    <subfield code="p">Understanding</subfield>
    <subfield code="9">15857</subfield>
  </datafield>
  <datafield tag="700" ind1=" " ind2=" ">
    <subfield code="a">Zz Top</subfield>
    <subfield code="d">Codice autore musica SPICS: 10154</subfield>
    <subfield code="e">Autore musica</subfield>
    <subfield code="p">Cheap Sunglasses</subfield>
    <subfield code="9">15858</subfield>
  </datafield>
  <datafield tag="700" ind1=" " ind2=" ">
    <subfield code="a">Mercury Freddie</subfield>
    <subfield code="d">Codice autore musica SPICS: 10155</subfield>
    <subfield code="e">Autore musica</subfield>
    <subfield code="p">Foolin' Around</subfield>
    <subfield code="9">15859</subfield>
  </datafield>
  <datafield tag="700" ind1=" " ind2=" ">
    <subfield code="a">Ranger Night</subfield>
    <subfield code="d">Codice autore musica SPICS: 10156</subfield>
    <subfield code="e">Autore musica</subfield>
    <subfield code="p">Interstate Love Affair</subfield>
    <subfield code="9">15860</subfield>
  </datafield>
  <datafield tag="700" ind1=" " ind2=" ">
    <subfield code="a">Cocker Joe</subfield>
    <subfield code="d">Codice autore musica SPICS: 10157</subfield>
    <subfield code="e">Autore musica</subfield>
    <subfield code="p">Edge of A Dream</subfield>
    <subfield code="9">15861</subfield>
  </datafield>
  <datafield tag="700" ind1=" " ind2=" ">
    <subfield code="a">Holliday Roman</subfield>
    <subfield code="d">Codice autore musica SPICS: 10158</subfield>
    <subfield code="e">Autore musica</subfield>
    <subfield code="p">One Foot Back In Your Door</subfield>
    <subfield code="9">15862</subfield>
  </datafield>
  <datafield tag="700" ind1=" " ind2=" ">
    <subfield code="a">Trentotto Special</subfield>
    <subfield code="d">Codice autore musica SPICS: 10159</subfield>
    <subfield code="e">Autore musica</subfield>
    <subfield code="p">Teacher Teacher</subfield>
    <subfield code="9">15863</subfield>
  </datafield>
  <datafield tag="942" ind1=" " ind2=" ">
    <subfield code="c">MC</subfield>
    <subfield code="2">ddc</subfield>
  </datafield>
  <datafield tag="952" ind1=" " ind2=" ">
    <subfield code="0">0</subfield>
    <subfield code="1">0</subfield>
    <subfield code="4">0</subfield>
    <subfield code="6">26573_000000000000000</subfield>
    <subfield code="7">1</subfield>
    <subfield code="a">SPICS</subfield>
    <subfield code="b">SPICS</subfield>
    <subfield code="d">2013-10-25</subfield>
    <subfield code="l">0</subfield>
    <subfield code="o">26573</subfield>
    <subfield code="r">2013-10-25 00:00:00</subfield>
    <subfield code="w">2013-10-25</subfield>
    <subfield code="y">MC</subfield>
    <subfield code="z">Progr. Ins.: 6132 / N.Vol.: 1 / Copie: 1 - Copia rara: n.d. / date import: 01.01.2014 - By Epidotti, Trombetti, Vaglietti</subfield>
  </datafield>
</record>
